000 00503nam a2200169Ia 4500
999 _c23873
_d23873
003 OSt
005 20201222105817.0
008 190216s9999||||xx |||||||||||||| ||und||
040 _coclc
082 _a894.8121
_bPIL/U
100 _aPillai, Elamkulam Kunjan
_93264
245 0 _aUnnuneelisandesham /
_cElamkulam Kunjan Pillai
260 _bNational Book Stall,
_c1985.
_aKottayam:
300 _a167p
650 _aKavithakal
942 _cBK
_2ddc
_h894.8121
_iPIL/U
_k894.8121
_mPIL/U